| 000 | 00909nmc a2200349 a 4500 | ||
|---|---|---|---|
| 003 | AR-BaBNM | ||
| 005 | 20251128204042.0 | ||
| 008 | 067019s1984 ||||||||||||||000 | spa|| | ||
| 020 | _a950-03-0396-5 | ||
| 040 | _cAR-BaBNM | ||
| 100 | 1 |
_aTrotsky, Leon _d1879-1940 |
|
| 245 | 1 | 0 | _aEl pensamiento vivo de Karl Marx |
| 250 | _a1ª ed. | ||
| 260 |
_aBuenos Aires _bLosada _c1984 |
||
| 300 | 0 | _a208 p. | |
| 490 | 0 | _aBiblioteca clásica y contemporánea | |
| 650 | 4 | _aMARXISMO | |
| 650 | 4 | _aSOCIEDAD | |
| 650 | 4 | _aSOCIEDADES INDUSTRIALES | |
| 650 | 4 | _aESTRUCTURA SOCIAL | |
| 650 | 4 | _aSISTEMAS SOCIALES | |
| 650 | 4 | _aHISTORIA ECONOMICA | |
| 650 | 4 | _aSOCIOLOGIA ECONOMICA | |
| 650 | 4 | _aSOCIOLOGIA POLITICA | |
| 650 | 4 | _aCAMBIO SOCIAL | |
| 650 | 4 | _aPOLITICA | |
| 650 | 4 | _aCONFLICTO POLITICO | |
| 650 | 4 | _aSALARIOS | |
| 700 | 1 |
_aEchavarri, Luis _etraductor |
|
| 942 | _cBK | ||
| 998 | _csilvi | ||
| 999 |
_c5975 _d5975 |
||